| 000 | 00533nam a2200193Ia 4500 | ||
|---|---|---|---|
| 005 | 20250423095935.0 | ||
| 008 | 250422s9999 xx 000 0 und d | ||
| 020 | _a9780072492477 | ||
| 050 | _aPF 3112 .D38/ | ||
| 100 | _aDaves-Schneider, Lida | ||
| 245 | 0 | _aLaboratory manual to accompany Deutsch : na klar | |
| 250 | _a4th ed. | ||
| 260 | _aNew York | ||
| 260 | _bMcGraw Hill | ||
| 260 | _c2004 | ||
| 300 | _a216 p | ||
| 650 | _aAlman dili_Gramer. _ Alman dili_Ders kitapları_Yabancılar için_İngilizce. | ||
| 942 | _cBK | ||
| 999 |
_c31801 _d31801 |
||